Zelené doprovody silnic ve volné krajině

Bibliographic Details
Main Author: Šerá, Božena (Author)
Format: Article
Language:Slovak
Czech
PhysicalDescription:Fotogr., tab.
ISSN:0044-4863
Subjects:

MARC

LEADER 00000nab a2200000 a 4500
001 vtls008639801
003 SK-MaSNL
005 20260304214513.0
008 250505c2005 xo |||||||||||000 b|slo
015 |a SNBRB2006/03  |2 snkbucl 
035 |a (uuid)a5963589-3513-42e1-ad79-ab2f8af96f4b 
035 |a urn:nbn:sk:snk-abbzpe 
035 |a (urnnbn)urn:nbn:sk:snk:ar-006fyv 
038 |a SNKBUCL 
040 |a SNKBUCL  |b slo  |c SNKBUCL  |e AACR2 
041 0 |a cze  |b eng 
044 |a xo  |c SK 
080 |a 504.54:625.77  |2 1997 
080 |a 625.77  |2 1997 
080 |a 581.5  |2 1997 
100 1 |a Šerá, Božena  |4 aut  |9 788378 
245 1 0 |a Zelené doprovody silnic ve volné krajině  |c Božena Šerá 
300 |b Fotogr., tab. 
504 |a Bibliogr. odkazy 
546 |a Res. angl. 
650 0 7 |a pozemné komunikácie  |2 snkbucl  |9 3578 
650 0 7 |a vegetácia  |2 snkbucl  |9 15727 
650 0 7 |a cestná zeleň  |2 snkbucl  |9 25095 
773 0 |t Životné prostredie  |g Roč. 39, č. 4 (2005), s. 208-211  |x 0044-4863 
850 |a Slovenská národná knižnica 
852 |a Slovenská národná knižnica 
958 |a article15 
958 |a OND 
958 |a NB 
958 |a EUIPO 
999 |c 3141621  |d 3143551